书目信息 |
| 题名: |
花椒栽培与病虫害防治技术
|
|
| 作者: | 李优 , 韩强 , 秦波 主编 | |
| 分册: | ||
| 出版信息: | 北京 中国农业科学技术出版社 2018.05 |
|
| 页数: | 102页 | |
| 开本: | 21cm | |
| 丛书名: | ||
| 单 册: | ||
| 中图分类: | S573 , S435.73 | |
| 科图分类: | ||
| 主题词: | 花椒--栽培技术--教材 , 花椒--病虫害防治--教材 | |
| 电子资源: | ||
| ISBN: | 978-7-5116-3624-9 | |
| 000 | 00948nam0 2200277 450 | |
| 001 | 4988 | |
| 005 | 20181013170000.80 | |
| 010 | @a978-7-5116-3624-9@dCNY29.90 | |
| 100 | @a20180714d2018 em y0chiy50 ea | |
| 101 | 0 | @achi |
| 102 | @aCN@b110000 | |
| 105 | @ay z 000yy | |
| 200 | 1 | @a花椒栽培与病虫害防治技术@9hua jiao zai pei yu bing chong hai fang zhi ji shu@f李优,韩强,秦波主编 |
| 210 | @a北京@c中国农业科学技术出版社@d2018.05 | |
| 215 | @a102页@d21cm | |
| 300 | @a花椒产业精品教材 | |
| 330 | @a本书共分九章,内容包括:花椒概述;花椒的生物学特性;花椒的主要栽培品种;无公害花椒苗木繁育技术;花椒建园技术;花椒土、肥、水管理;花椒的整形修剪等。 | |
| 606 | 0 | @a花椒@x栽培技术@j教材 |
| 606 | 0 | @a花椒@x病虫害防治@j教材 |
| 690 | @aS573@v5 | |
| 690 | @aS435.73@v5 | |
| 701 | 0 | @a李优@9li you@4主编 |
| 701 | 0 | @a韩强@9han qiang@4主编 |
| 701 | 0 | @a秦波@9qin bo@4主编 |
| 801 | 0 | @aCN@b91MARC@c20180714 |
| 905 | @aMuseLib@dS573@e86 | |
| 花椒栽培与病虫害防治技术/李优,韩强,秦波主编.-北京:中国农业科学技术出版社,2018.05 |
| 102页;21cm |
| 花椒产业精品教材 |
| ISBN 978-7-5116-3624-9:CNY29.90 |
| 本书共分九章,内容包括:花椒概述;花椒的生物学特性;花椒的主要栽培品种;无公害花椒苗木繁育技术;花椒建园技术;花椒土、肥、水管理;花椒的整形修剪等。 |
| ● |
| 相关链接 |
|
|
|
|
正题名:花椒栽培与病虫害防治技术
索取号:S573/86
 
预约/预借
| 序号 | 登录号 | 条形码 | 馆藏地/架位号 | 状态 | 备注 |
| 1 | 1127589 | 211275895 | 第二样本阅览室/ [索取号:S573/86] | 在馆 | |
| 2 | 1127590 | 211275902 | 密集书库-生命科学系/ [索取号:S573/86] | 在馆 | |
| 3 | 1127591 | 211275911 | 第三借阅区/ [索取号:S573/86] | 在馆 | |
| 4 | 1127592 | 211275920 | 第三借阅区/ [索取号:S573/86] | 在馆 | |
| 5 | 1127593 | 211275939 | 第三借阅区/ [索取号:S573/86] | 在馆 |